| 000 | 00932cac a22002651u 4500 | ||
|---|---|---|---|
| 090 | _c8490 | ||
| 008 | 081029t1995 xxu||||| |||| 00| 0 eng d | ||
| 010 | _a 95164160 | ||
| 020 | _a0387945059 | ||
| 082 | 0 | 0 |
_a001.422 _bFOR |
| 100 | _aFortner, Brand, | ||
| 245 | 1 | 4 |
_aThe data handbook : _ba guide to understanding the organization and visualization of technical data / _cBrand Fortner ; illustrations by Eric Pervukhin. |
| 250 | _a2nd ed. | ||
| 260 |
_aSanta Clara, Calif. : _bTELOS, _cc1995. |
||
| 300 |
_axxvii, 350 p. : _bill. ; _c25 cm. |
||
| 500 | _adistributer: Al-ahram | ||
| 504 | _aIncludes bibliographical references and index. | ||
| 511 | _acatalogueby: wessam | ||
| 650 | 0 | _aData structures (Computer science) | |
| 650 | 0 | _aComputer graphics. | |
| 650 | 0 | _aVisualization. | |
| 700 | _aPervukhin, Eric | ||
| 942 |
_cBB _k001.422FOR _2ddc |
||
| 999 |
_c8490 _d8490 |
||